|
|
|
|
| LEADER |
00000nab a2200000 a 4500 |
| 001 |
vtls010712729 |
| 003 |
SK-MaSNL |
| 005 |
20260304194231.0 |
| 008 |
250709s2011 xo |||||||||||||||||slo| |
| 035 |
|
|
|a (urnnbn)urn:nbn:sk:snk:ar-a048tj
|
| 035 |
|
|
|a (uuid)6fc19bf2-82a3-441c-a6ec-478b34496d1d
|
| 035 |
|
|
|a urn:nbn:sk:snk-ab3fl8
|
| 040 |
|
|
|a SNKBUCL
|b slo
|c SNKBUCL
|e AACR2
|
| 041 |
0 |
|
|a eng
|
| 044 |
|
|
|a xo
|c SK
|
| 100 |
1 |
|
|a Pereira Emer, Maria Claudia Figueiredo
|4 aut
|9 1528449
|
| 245 |
1 |
0 |
|a FAULT-BASED TEST OF XML SCHEMAS
|c Maria Claudia Figueiredo Pereira Emer, Igor Fabiano Nazar, Silvia Regina Vergilio, Mario Jino
|
| 700 |
1 |
|
|a Nazar, Igor Fabiano
|4 aut
|9 1528450
|
| 700 |
1 |
|
|a Vergilio, Silvia Regina
|4 aut
|9 1522033
|
| 700 |
1 |
|
|a Jino, Mario
|4 aut
|9 1528451
|
| 773 |
0 |
|
|t Computing and informatics
|g Roč. 30, č. 3 (2011), s. [531]-558
|
| 850 |
|
|
|a Slovenská národná knižnica
|
| 852 |
|
|
|a Slovenská národná knižnica
|
| 958 |
|
|
|a article1
|
| 958 |
|
|
|a OND
|
| 958 |
|
|
|a EUIPO
|
| 999 |
|
|
|c 3073085
|d 3075015
|